Catálogo público

Introducción a la Microbiología Moderna de los Alimentos / (Record no. 171897)

MARC details
000 -CABECERA
campo de control de longitud fija 00724nam a2200241Ia 4500
001 - NÚMERO DE CONTROL
campo de control dia_1349
003 - IDENTIFICADOR DEL NÚMERO DE CONTROL
campo de control CHAP
005 - FECHA Y HORA DE LA ÚLTIMA TRANSACCIÓN
campo de control 20251023163241.0
008 - DATOS DE LONGITUD FIJA--INFORMACIÓN GENERAL
campo de control de longitud fija 220117s1988 xx 000 0 und d
010 ## - NÚMERO DE CONTROL DE LA BIBLIOTECA DEL CONGRESO
Número de control de LC 171897
040 ## - FUENTE DE LA CATALOGACIÓN
Centro/agencia transcriptor CHAP
082 ## - NÚMERO DE LA CLASIFICACIÓN DECIMAL DEWEY
Número de clasificación 576.163 B6Y
100 ## - ENTRADA PRINCIPAL--NOMBRE DE PERSONA
Nombre de persona Board, R.G.
9 (RLIN) 13297
245 ## - MENCIÓN DE TÍTULO
Título Introducción a la Microbiología Moderna de los Alimentos /
Mención de responsabilidad, etc. por R.G. Board, traducido por Bernabe Sanz Pérez
260 ## - PUBLICACIÓN, DISTRIBUCIÓN, ETC.
Lugar de publicación, distribución, etc. Zaragoza, España. Acribia
Fecha de publicación, distribución, etc. 1988
300 ## - DESCRIPCIÓN FÍSICA
Extensión 269 p.
600 ## - PUNTO DE ACCESO ADICIONAL DE MATERIA--NOMBRE DE PERSONA
Nombre de persona II.Sanz Perez, Bernabe
9 (RLIN) 150580
650 ## - PUNTO DE ACCESO ADICIONAL DE MATERIA--TÉRMINO DE MATERIA
Término de materia o nombre geográfico como elemento de entrada Alimentos
Subdivisión general Microbiología.
901 ## - ELEMENTOS DE DATOS A LOCAL LDA (RLIN)
a 576.163 B6Y
902 ## - ELEMENTOS DE DATOS B LOCAL, LDB (RLIN)
a M
905 ## - ELEMENTOS DE DATOS E LOCAL, LDE (RLIN)
a 0000001988 ZARX 0000000000ESP00
942 ## - ELEMENTOS DE PUNTO DE ACCESO ADICIONAL (KOHA)
Tipo de ítem Koha Libro
Fuente del sistema de clasificación o colocación Dewey Decimal Classification
Holdings
Estado de retiro Estado de pérdida Fuente del sistema de clasificación o colocación Estado dañado Restricciones de uso No para préstamo Código de colección Localización permanente Ubicación/localización actual Fecha de adquisición Fuente de adquisición Coste, precio normal de compra Número de inventario Total de préstamos Signatura topográfica completa Código de barras Fecha visto por última vez Fecha del último préstamo Número de copia Tipo de ítem Koha
    Dewey Decimal Classification   Préstamo interno   General Ingenieria Agroindustrial Ingenieria Agroindustrial 18/01/2022 Compra Librería Gaona F. 1683/ R. 22472 (17/04/1989) 72109.80 145621 9 576.163 B6Y dia_3074 04/11/2025 04/11/2025 1 Libro